000
00342nam a2200133Ia 4500
003
PILC
008
220421s2005 xx 000 0 und d
040
_c
EARIST LIBRARY
100
_a
Santos ,Amparo E.
_9
951
245
0
_a
Office Management in a Computerized Office /
260
_a
Manila,
_b
Rex :
_c
2005.
999
_c
2321
_d
2321
942
_2
ddc
_c
BK